00317pab a2200121 454500008004300000100001500043245006700058260001200125300001300137362001100150650001500161773001900176180718b2003-04 xxu||||| |||| 00| 0 eng d aBlunt, Ray aLeadership in the crucible: the paradox of character and power c2003-04 ap.35-39. aWinter aLeadership aPublic Manager